| 000 | 00503nam a22001337a 4500 | ||
|---|---|---|---|
| 999 |
_c509627 _d509627 |
||
| 082 | _aAPPPA 2018-19\SHA | ||
| 100 |
_aSharma, Ashok Kumar _95709 |
||
| 245 |
_aNational solar mission and rural development in Jaipur area _cby Ashok Kumar Sharma |
||
| 260 |
_aNew Delhi _bIndian Institute of Public Administration _c2019 |
||
| 300 | _a106p. | ||
| 500 | _aAPPPA Dissertation, 2018-19 (Guide : Dr. Kusum Lata | ||
| 650 |
_aRenewable energy sources -- India. _96370 |
||
| 650 |
_aRenewable energy sources. _96371 |
||